Matematika 1. AM

Bibliographic Details
Main Author: Eliaš, Jozef, 1928-2003 (Author)
Format: Book
Language:Slovak
PhysicalDescription:348 s. 29 cm
Published: Bratislava Slovenská vysoká škola technická 1987
Edition:1. vyd.
Subjects:

MARC

LEADER 00000cam a2200000 a 4500
001 vtls001086546
003 SK-MaSNL
005 20260302025327.0
008 180815s1987 xo f np 00000 slo
015 |a SNBA1987/12 
035 |a SNK000029385 
040 |a SNK  |b slo  |c SNK  |e AACR2 
041 0 |a slo 
044 |a xo  |c SK 
080 |a 517.9(075.8)  |2 1981 
100 1 |a Eliaš, Jozef,  |d 1928-2003  |4 aut  |9 167625 
245 1 0 |a Matematika 1. AM  |c Jozef Eliáš 
250 |a 1. vyd. 
260 |a Bratislava  |b Slovenská vysoká škola technická  |c 1987  |e Bratislava  |f Edičné stredisko SVŠT 
300 |a 348 s.  |c 29 cm 
366 |e 100 výtl. 
500 |a Obsahuje bibliografiu 
650 0 7 |a matematika  |2 SNKPH  |9 70174 
655 7 |a učebnice vysokých škôl  |2 SNKPH  |9 70191 
958 |a OND 
958 |a NB 
958 |a RM 
958 |a UV 
999 |c 1043813  |d 1045743 
952 |a SNK  |b SNK  |y PREZ  |7 0  |p 17A0843898  |o snkSB 42525/1   |0 0  |1 0  |4 0  |d 2012-06-19  |f 1  |l 0  |r 2025-05-09 00:00:00  |w 2026-02-24 
952 |t P60, <04>, [BOOK], {604}  |a SNK  |b SNK  |y VYP  |7 0  |p 17A0026299  |o snkSB 42525/1 D1  |0 0  |1 0  |4 0  |d 1996-12-07  |l 0  |r 2004-12-31 00:00:00  |w 2026-02-24